|
|
|
|
| LEADER |
01319nam a2200337 a 4500 |
| 001 |
15051369 |
| 003 |
BD-DhAAL |
| 005 |
20250708130011.0 |
| 008 |
091112s2008 caua b 001 0 eng d |
| 010 |
|
|
|a \\2007939872
|
| 020 |
|
|
|a 9780761942986 (hb)
|
| 020 |
|
|
|a 076194298X (hb)
|
| 020 |
|
|
|a 9780761942993 (pb)
|
| 020 |
|
|
|a 0761942998 (pb)
|
| 020 |
|
|
|a 9788178299181 (pb)
|
| 040 |
|
|
|a DLC
|c DLC
|d DLC
|d BD-DhAAL
|
| 082 |
0 |
0 |
|a 808/.02
|2 22
|
| 100 |
1 |
|
|a Oliver, Paul.
|9 57677
|
| 245 |
1 |
0 |
|a Writing your thesis /
|c Paul Oliver.
|
| 250 |
|
|
|a Second edition.
|
| 260 |
|
|
|a Los Angeles, CA ;
|a New Delhi :
|b SAGE,
|c c2008.
|
| 300 |
|
|
|a viii, 174 pages :
|b illustrations ;
|c 24 cm.
|
| 504 |
|
|
|a Includes bibliographical references (p. [170]-172) and index.
|
| 526 |
|
|
|x BBS Requisitioned by Faculties of BBS
Course name and no : N/A
|
| 541 |
1 |
|
|a Karim International
|e 00019570
|
| 650 |
|
0 |
|a Dissertations, Academic.
|
| 650 |
|
0 |
|a Academic writing.
|
| 852 |
4 |
|
|a Ayesha Abed Library
|j General shelf
|
| 942 |
|
|
|2 ddc
|c BK
|
| 999 |
|
|
|c 5495
|d 5495
|
| 952 |
|
|
|0 0
|1 0
|2 ddc
|4 0
|6 808_020000000000000_OLI
|7 0
|9 5367
|a BRACUL
|b BRACUL
|c GEN
|d 2009-11-15
|e Karim International
|g 319.00
|l 5
|m 47
|o 808.02 OLI
|p 3010019570
|r 2025-07-09
|s 2025-03-02
|t 1
|v 638.00
|w 2009-11-15
|y BK
|x Requisitioned by Faculties of BBS. Course name and no. "not available".
|